000 00726cam a22001811 4500
082 _a711.73
_bLEV
_cL-18, P-16
110 1 _aUnited States.
_921185
245 1 0 _aPublic control of highway access and roadside development,
_creported by David R. Levin, head, Special Administrative Studies Unit, Division of Financial and Administrative Research, Public Roads Administration.
250 _aRev. 1947.
260 _aWashington,
_bU.S. Govt. Print. Off.,
_c1947.
300 _avi, 154 p.
_billus., maps.
_c24 cm.
526 _a0
_b0
_c0
_d711_730000000000000_LEV
650 0 _aMCE
_9379
650 0 _aRoads
_zUnited States.
_922202
650 0 _aRoadside improvement.
_921192
700 1 _aLevin, David R.
_943576
942 _2ddc
_cBK
999 _c549149
_d549149